Movies Quiz

Random Movies or Quote Quiz

Movie Quotes That Rhyme Quiz Stats

 Plays Quiz Updated Nov 8, 2017

Challenge
Share
Tweet
Embed
Score 0/24 Timer 07:00
2 Plays Today
% Correct
A Nightmare on Elm Street
92.2%
Cool Runnings
88.1%
Top Gun
87.4%
Batman Forever
85.8%
Beetlejuice
81.8%
10 Things I Hate About You
75.4%
Full Metal Jacket
74.6%
8 Mile
73.1%
Spider-Man
68.9%
The Hangover
68.6%
V for Vendetta
68%
My Fair Lady
65.9%
% Correct
Pulp Fiction
57.2%
Scarface
53.9%
Dead Poets Society
53.3%
Jaws
51.7%
The Hobbit: An Unexpected Journey
46.8%
Working Girl
45.9%
Happy Gilmore
44.1%
Independence Day
41.8%
Austin Powers: International Man of Mystery
41.5%
Willy Wonka and the Chocolate Factory
38.5%
The Princess Bride
38.4%
Mean Girls
34.9%

You're not logged in!

Compare scores with friends on all Sporcle quizzes.
OR
Log In

You Might Also Like...

Show Comments

Extras

Top Quizzes Today


Score Distribution

Your Account Isn't Verified!

In order to create a playlist on Sporcle, you need to verify the email address you used during registration. Go to your Sporcle Settings to finish the process.

Report this User

Report this user for behavior that violates our Community Guidelines.

Details: